Liste des pays aujourd'hui indépendant colonisés par la France - Statistiques

Statistiques générales
  • Ce quiz a été pris 140 fois
    98 depuis la dernière actualisation
  • Le résultat moyen est 17 sur 24
Statistiques - réponses
Hint Réponse % Correct
Afrique Algerie
98%
Afrique Maroc
95%
Afrique Sénégal
89%
Afrique Tunisie
89%
Afrique Mali
86%
Afrique Congo
80%
Afrique Côte d'ivoire
79%
Afrique Benin
76%
Afrique Cameroun
76%
Afrique Tchad
75%
Afrique Togo
75%
Afrique Mauritanie
74%
Afrique Niger
74%
Afrique Burkina faso
71%
Afrique Guinée
71%
Afrique Gabon
65%
Afrique Madagascar
65%
Afrique République centrafricaine
64%
Asie Laos
61%
Amerique Haiti
58%
Afrique Comores
56%
Afrique Djibouti
54%
Europe Monaco
48%
Asie Liban
47%
Aucun quiz correspondant
Distribution des résultats
% des personnes avec chaque résultat
Percentile par nombre de réponses
Votre historique - résultats
Vous n’avez pas pris ce quiz depuis la dernière actualisation